000 00316 a2200157 4500
001 188028
020 _a
040 _cMagnum
100 _aBorém, Humberto
240 1 0 _aUm rato no prato
_lpor
245 1 0 _aUm rato no prato
300 _a24
362 0 _a2002
697 _aLITERATURA INFANTIL
942 _cBK
999 _c188028
_d188028